000 01410nam a22003977a 4500
001 000103199
003 CHAP
005 20220817044405.0
008 101104s2005 mx a r 00010 spa d
010 _a99662
011 _a100634
020 _a9680201996
035 _a111320
040 _cCHAP
082 0 4 _a338.181
_bD33
100 1 _aDíaz de León Pacheco, Octavio.
_933437
245 1 0 _aModernización del mercadeo de productos agropecuarios :
_bcambio indispensable para erradicar la pobreza en el campo /
_c/por Octavio Díaz de León Pacheco, Ramón Valdivia Alcalá y Gerónimo Barrios Puente.
260 _aChapingo, Méx. :
_bUACH,
_c2005.
300 _a[ c. a. 201 p.] :
_bilus.
590 _aBATCH-UPD
_b10
_c20130110
_lUCH01
_h1021
590 _aBATCH-UPD
_b10
_c20130410
_lUCH01
_h0626
590 _aBATCH-UPD
_b10
_c20130914
_lUCH01
_h0221
590 _aCONVERSION
_b10
_c20130109
_lUCH01
_h1355
590 _aE5995AHE
_b05
_c20150220
_lUCH01
_h0839
650 1 4 _aAlimentos
_xAbastecimiento.
650 1 4 _aCambio estructural.
_917784
650 1 4 _aModernidad.
650 1 4 _aProductos agrícolas
_xMercadeo.
_991951
650 1 4 _aProductos pecuarios
_xMercadeo.
700 0 _aBarrios Puente, Gerónimo.
_910529
700 0 _aValdivia Alcalá, Ramón.
_9117308
901 _aBK
942 _cLIBRO
942 _n0
949 _a338.181 D33
_bBC
_cUACH
_d33724002218132
_eUACH
_h113732
_i111320
_sb
999 _c99662
_d99662